| 000 | 02613nam a2200469Ia 4500 | ||
|---|---|---|---|
| 001 | dia_36 | ||
| 003 | CHAP | ||
| 005 | 20241111133044.0 | ||
| 007 | ta | ||
| 008 | 220117s2015 mx adeo 001 0 spa d | ||
| 040 |
_amxchpua _cCHAP |
||
| 090 |
_aT.C.689 _bL67 EIUPA _c2015 |
||
| 245 | 1 | 0 |
_aCremería Los Pioneros S. A. de C. V., Cd. Obregón, Sonora / _ccoordinador Vicente López Bautista ; colaboradores Ariana Cruz Garrido...[y otros] |
| 260 |
_aMéxico : _bEl autor, _c2015 |
||
| 300 |
_a50 hojas : _bilustraciones, tablas, gráficas, planos, fotos |
||
| 336 |
_2rdacontent _atexto _btxt |
||
| 337 |
_2rdamedia _ano mediado _bn |
||
| 338 |
_2rdacarrier _avolumen _bnc |
||
| 500 | _aGrado: 7° año Grupo: 02 | ||
| 502 |
_aViaje de estudios _b(EIUPA) -- _cUACh. Departamento de Ingeniería Agroindustrial, _d2015 |
||
| 504 | _aIncluye bibliografía | ||
| 505 | 0 | 0 | _aContiene 5 planos : -- 1.Plano de distribución de áreas (Esc. 1:350) -- 2.Distribución de equipo (Esc. 1:100) -- 3.Diagrama de recorrido de queso fresco (Esc. 1:1) -- 4.Diagrama de recorrido de queso chihuahua (Esc. 1:1) -- 5.Fachada (Esc. 1:1)-- 6.Diagrama de recorrido de queso asadero (Esc. 1:1) |
| 650 | 1 | 0 |
_aIndustria lechera _zMéxico _zSonora _9147028 |
| 650 | 1 | 3 |
_aProductos lácteos _992124 |
| 650 | 1 | 0 |
_aDairy industry _zMexico _zSonora _9147026 |
| 650 | 1 | 3 |
_aDairy products _9147027 |
| 700 | 1 |
_aLópez Bautista, Vicente _9147030 _ecoordinador |
|
| 700 | 1 |
_aCruz Garrido, Ariana _9133455 _ecolaboradora |
|
| 856 | 4 | 1 |
_uhttp://10.13.5.2/ve/TC689EIUPA/TC689EIUPA2015-REPORTE.pdf _yDESCARGAR REPORTE |
| 856 | 4 | 1 |
_uhttp://10.13.5.2/ve/TC689EIUPA/TC689EIUPA2015-PLANO-DIAGRAMADERECORRIDOASADERO.pdf _yDESCARGAR PLANO DE RECORRIDO DE QUESO ASADERO |
| 856 | 4 | 1 |
_uhttp://10.13.5.2/ve/TC689EIUPA/TC689EIUPA2015-PLANO-DIAGRAMADERECORRIDOFRESCO.pdf _yDESCARGAR PLANO DE DIAGRAMA DE RECORRIDO DE QUESO FRESCO |
| 856 | 4 | 1 |
_uhttp://10.13.5.2/ve/TC689EIUPA/TC689EIUPA2015-PLANO-DISTRIBUCIONDEEQUIPO.pdf _yDESCARGAR PLANO DE DISTRIBUCIÓN DE EQUIPO |
| 856 | 4 | 1 |
_uhttp://10.13.5.2/ve/TC689EIUPA/TC689EIUPA2015-PLANO-DISTRIBUCIONDEAREAS.pdf _yDESCARGAR PLANO DE DISTRIBUCIÓN DE ÁREAS |
| 856 | 4 | 1 |
_uhttp://10.13.5.2/ve/TC689EIUPA/TC689EIUPA2015-PLANO-FACHADA.pdf _yDESCARGAR PLANO DE FACHADA |
| 856 | 4 | 1 |
_uhttp://10.13.5.2/ve/TC689EIUPA/TC689EIUPA2015-PLANO-DIAGRAMADERECORRIDOCHIHUAHUA.pdf _yDESCARGAR PLANO DE DIAGRAMA DE QUESO CHIHUAHUA |
| 901 | _aT.C.689 L67 EIUPA 2015 | ||
| 902 | _aM | ||
| 905 | _a5232272015 mx enml8283123322spa16 | ||
| 942 | _2local | ||
| 942 | _cVE | ||
| 999 |
_c170468 _d170468 |
||